| 000 | 005090000a22001930004500 | ||
|---|---|---|---|
| 001 | 002821 | ||
| 003 | MACL | ||
| 005 | 20150728124011.0 | ||
| 008 | 150728b xxu||||| |||| 00| 0 eng d | ||
| 040 |
_aMACL _cMACL |
||
| 041 | _aEnglish | ||
| 082 | _a327/NAY | ||
| 100 |
_aNatar, Kuldip _92787 |
||
| 245 |
_aWall At Wagah _bIndiaP̜akistan Relations _cKuldip Natar |
||
| 260 |
_aNew Delhi _c2003 _bGyan Publishing House, |
||
| 350 | _a540 | ||
| 650 |
_aInternational Relationship _92310 |
||
| 942 |
_k327 _cBK _2ddc |
||
| 999 |
_c14729 _d14729 |
||